• 首页
  • 本馆介绍
  • 公告通知
  • 最新文献
  • 馆藏检索
  • 电子资源
  • 读者导购
  • 参考咨询
  • 我的图书馆
  • 登录
  • 详细信息显示
  • 放入我的书架
  • 预约/预借图书
  • 作者相关作品
  • 分类相关作品
  • 丛书相关作品
  • 出版社相关作品

书目信息

  • 表格格式
  • 工作单格式
  • 卡片格式
书名: Experimental methods in organic chemistry
作者: James A. Moore, David L. Dalrymple, Oscar R. Rodig.
分册号:
分册名:
出版地: Philadelphia :
 
出版社: Saunders College Pub
出版时间: c1982.
页数: viii, 368 p. :
开本: 24 cm.
丛书名:
中图分类号:
科图分类号:
其他分类号: O62-33
主题词:
电子资源:
000 00945nam 2200301 a 4504
001 E0755158417
005 20070509151950.64
008 030624s1982 paua b 001 0 eng
010    @a82-122671
020    @a003056896X.
035    @a3885522
040    @aDLC@cDLC@dOSU
050 00 @aQD261@b.M84 1982
090    @aP440.44/W11/1982
090    @aO61
090    @aO62-33
099    @dO62-33@ex10=3
100 1  @aMoore, James Alexander.
245 10 @aExperimental methods in organic chemistry / @cJames A. Moore, David L. Dalrymple, Oscar R. Rodig.
250    @a3rd ed.
260    @aPhiladelphia :@bSaunders College Pub.,@cc1982.
300    @aviii, 368 p. :@bill. ;@c24 cm.
490 0  @aSaunders golden sunburst series.
504    @aIncludes bibliographies and index.
650  0 @aChemistry, Organic@xLaboratory manuals.
700 1  @aDalrymple, David L.
700 1  @aRodig, Oscar R.
920    @a232010@z2
    
    Experimental methods in organic chemistry / / James A. Moore, David L. Dalrymple, Oscar R. Rodig.-3rd ed.-Philadelphia : : Saunders College Pub., , c1982.
    viii, 368 p. : : ill. ; ; 24 cm.- (Saunders golden sunburst series. )
    Includes bibliographies and index.
    
    ISBN 003056896X.
    
●
相关链接 在E读中查询图书 在五车中查询图书 在当当中查询图书 在豆瓣中查询图书


正题名:Experimental methods in organic chemistry     索取号:O62-33/x10=3         预约/预借

序号 登录号 条形码 馆藏地/架位号 状态 备注
1 182911   000637537   第二样本阅览室/ [索取号:O62-33/x10=3] 在馆    
唐山师范学院图书馆 欢迎您!
大连网信软件有限公司© 版权所有